Disciplines of a Godly Family (Record no. 11989)

MARC details
000 -LEADER
fixed length control field 00297nam a22001217a 4500
008 - FIXED-LENGTH DATA ELEMENTS--GENERAL INFORMATION
fixed length control field 220209b ||||| |||| 00| 0 eng d
020 ## - INTERNATIONAL STANDARD BOOK NUMBER
International Standard Book Number 9789380737812
050 ## - LIBRARY OF CONGRESS CALL NUMBER
Classification number 230
Item number 1
100 ## - MAIN ENTRY--PERSONAL NAME
Personal name Kent & Barbara Hughes
9 (RLIN) 7548
245 ## - TITLE STATEMENT
Title Disciplines of a Godly Family
300 ## - PHYSICAL DESCRIPTION
Extent 256.P
942 ## - ADDED ENTRY ELEMENTS (KOHA)
Source of classification or shelving scheme Dewey Decimal Classification
Koha item type BOOK
Holdings
Withdrawn status Lost status Source of classification or shelving scheme Damaged status Not for loan Home library Current library Shelving location Date acquired Total Checkouts Full call number Barcode Date last seen Price effective from Koha item type
    Dewey Decimal Classification     Good Samaritan School Library Good Samaritan School Library RELIGION 02/09/2022   230 , E-10 KEN17019 02/09/2022 02/09/2022 BOOK

Powered by Koha